书目信息 |
| 题名: |
砥砺人生:学生品格培养与个性塑造
|
|
| 作者: | 袁玉明 , 何洪成 编著 | |
| 分册: | ||
| 出版信息: | 长沙 中南工业大学出版社 1999.12 |
|
| 页数: | 247页 | |
| 开本: | 32开 | |
| 丛书名: | ||
| 单 册: | ||
| 中图分类: | G41 | |
| 科图分类: | ||
| 主题词: | 思想政治教育--学校教育 , 德育--学校教育 | |
| 电子资源: | ||
| ISBN: | 7-81061-262-X | |
| 000 | 00699nam0 2200217 45 | |
| 001 | 0007241508 | |
| 005 | 20000724153746.4 | |
| 010 | @a7-81061-262-X@d10.00元 | |
| 100 | @a20000724d1999 km y0chiy0120 ea | |
| 101 | 0 | @achi |
| 105 | @a z 000yy | |
| 200 | 1 | @a砥砺人生:学生品格培养与个性塑造@ADi Li Ren Sheng:Xue Sheng Pin Ge Pei Yang Yu Ge Xing Su Zao@f袁玉明,何洪成编著@FYuan Yu Ming,He Hong Cheng Bian Zhu |
| 210 | @a长沙@c中南工业大学出版社@d1999.12 | |
| 215 | @a247页@d32开 | |
| 606 | 0 | @a思想政治教育--学校教育 |
| 606 | 0 | @a德育--学校教育 |
| 690 | @aG41@v3 | |
| 701 | 0 | @a袁玉明@4编著 |
| 701 | 0 | @a何洪成@4编著 |
| 801 | @aCN@bPftUser@c20000724 | |
| 905 | @b76362-371@dG41@eY543:5@f10 | |
| 砥砺人生:学生品格培养与个性塑造/袁玉明,何洪成编著.-长沙:中南工业大学出版社,1999.12 |
| 247页;32开 |
| ISBN 7-81061-262-X:10.00元 |
| ● |
| 相关链接 |
|
|
|
正题名:砥砺人生:学生品格培养与个性塑造
索取号:G41/Y543:5
 
预约/预借
| 序号 | 登录号 | 条形码 | 馆藏地/架位号 | 状态 | 备注 |
| 1 | 76362 | 200763628 | 社科库409/400B社科库 1排2列5层/ [索取号:G41/Y543:5] | 在馆 | |
| 2 | 76363 | 200763637 | 社科库409/409社科库 2排1列5层/ [索取号:G41/Y543:5] | 在馆 | |
| 3 | 76364 | 200763646 | 社科库409/400B社科库 27排4列2层/ [索取号:G41/Y543:5] | 在馆 | |
| 4 | 76365 | 200763655 | 社科库409/400B社科库 26排3列3层/ [索取号:G41/Y543:5] | 在馆 | |
| 5 | 76366 | 200763664 | 社科库409/400B社科库 1排2列5层/ [索取号:G41/Y543:5] | 在馆 | |
| 6 | 76367 | 200763673 | 社科库409/409社科库 100排3列3层/ [索取号:G41/Y543:5] | 在馆 | |
| 7 | 76368 | 200763682 | 社科库409/409社科库 2排1列5层/ [索取号:G41/Y543:5] | 在馆 | |
| 8 | 76369 | 200763691 | 社科库409/409社科库 2排1列5层/ [索取号:G41/Y543:5] | 在馆 | |
| 9 | 76370 | 200763708 | 社科库409/409社科库 2排1列5层/ [索取号:G41/Y543:5] | 在馆 | |
| 10 | 76371 | 200763717 | 社科库409/409社科库 2排1列5层/ [索取号:G41/Y543:5] | 在馆 |